000 00330nam a2200133Ia 4500
005 20251222141915.0
008 251222s9999||||xx |||||||||||||| ||spa||
020 _a958-682-065-3
082 _a657.42/M88
100 _aMott, Graham
245 0 _aContabilidad de Gestión para Tomar Decisiones
264 _bAlfaomega
942 _cLIB
999 _c8517
_d8517